[Event "Berlin Werner Ott op"]
[Site "Berlin"]
[Date "2012.07.09"]
[Round "3"]
[White "Albrecht, Rainer"]
[Black "Vidic, Dobrivoje"]
[Result "1-0"]
[WhiteElo "2102"]
[BlackElo "1823"]
[PlyCount "137"]
[EventDate "2012.07.07"]
[EventType "swiss"]
[EventRounds "9"]
[EventCountry "GER"]
[SourceTitle "CBM 149 Extra"]
[Source "ChessBase"]
[SourceDate "2012.08.24"]
[SourceVersion "1"]
[SourceVersionDate "2012.08.24"]
[SourceQuality "1"]

1. d4 d5 2. c4 Nf6 3. Nc3 c6 4. e3 e6 5. Nf3 Bd6 6. b3 Bb4 7. Bd2 0-0 8. Qc2 Bd7 9. Bd3 dxc4 10. bxc4 a6 11. 0-0 b5 12. e4 bxc4 13. Bxc4 Ba5 14. Bd3 h6 15. h3 Re8 16. Be3 Bc7 17. Rfd1 a5 18. a3 Na6 19. Na4 Qe7 20. Qc3 Rec8 21. Rab1 Be8 22. Nb6 Bxb6 23. Rxb6 Nc7 24. a4 Bd7 25. Ne5 c5 26. dxc5 Bxa4 27. Ra1 Be8 28. Rxa5 Rxa5 29. Qxa5 Ra8 30. Qc3 Ra4 31. f3 Nh5 32. Rb8 Ra8 33. Rxa8 Nxa8 34. Qa5 Nc7 35. Bf2 Nf4 36. Bf1 f6 37. Nd3 Ng6 38. Qa7 Qd8 39. Qb6 Qd7 40. Nb4 Ne7 41. Qd6 Nc8 42. Qxd7 Bxd7 43. Na6 Ne8 44. Nb8 Ba4 45. Ba6 Ne7 46. Bb7 f5 47. Bg3 Kf7 48. c6 g5 49. Be5 Ng6 50. c7 Nxc7 51. Bxc7 Bb3 52. Kf2 h5 53. exf5 exf5 54. Nc6 Nf8 55. Nd4 Be6 56. Nxe6 Kxe6 57. Bc8+ Kf6 58. Bd8+ Kg6 59. Be7 Nh7 60. g4 hxg4 61. hxg4 fxg4 62. fxg4 Kf7 63. Bf5 Nf6 64. Bxf6 Kxf6 65. Ke3 Ke5 66. Be4 Kf6 67. Kd4 Ke6 68. Bd5+ Kd6 69. Ke4 1-0

[Event "Berlin-ch qualification"]
[Site "Berlin-Lichtenrade"]
[Date "2011.04.24"]
[Round "2.11"]
[White "Vidic, Dobrivoje"]
[Black "Noetzel, Felix"]
[Result "0-1"]
[WhiteElo "1823"]
[BlackElo "2042"]
[PlyCount "58"]
[EventDate "2011.04.23"]
[EventType "swiss"]
[EventRounds "9"]
[EventCountry "GER"]
[SourceTitle "EXT 2022"]
[Source "ChessBase"]
[SourceDate "2021.10.06"]
[SourceVersion "1"]
[SourceVersionDate "2021.10.06"]
[SourceQuality "1"]

1. d4 d5 2. c4 e6 3. cxd5 exd5 4. Nc3 f5 5. Nf3 Nf6 6. Bg5 c6 7. Ne5 Bd6 8. f4 0-0 9. e3 Qe8 10. Be2 Nbd7 11. h3 Ne4 12. Bh4 Nxe5 13. fxe5 Bb4 14. Qc2 Qg6 15. Bf3 Qh6 16. Bf2 Be6 17. 0-0 Bxc3 18. bxc3 Rf7 19. Bxe4 dxe4 20. Qd2 Bc4 21. Rfe1 g5 22. Kh2 Rg7 23. Bg3 Rf8 24. Kh1 f4 25. exf4 gxf4 26. Bh2 f3 27. Qxh6 fxg2+ 28. Kg1 Rf1+ 29. Rxf1 gxf1Q# 0-1

[Event "Berlin-ch Seniors op 27th"]
[Site "Berlin"]
[Date "2011.02.05"]
[Round "8"]
[White "Vidic, Dobrivoje"]
[Black "Loncarevic, Marko"]
[Result "0-1"]
[WhiteElo "1684"]
[BlackElo "1529"]
[PlyCount "33"]
[EventDate "2011.01.29"]
[EventType "swiss"]
[EventRounds "9"]
[EventCountry "GER"]
[SourceTitle "EXT 2012"]
[Source "ChessBase"]
[SourceDate "2011.11.24"]
[SourceVersion "1"]
[SourceVersionDate "2011.11.24"]
[SourceQuality "1"]

1. e4 c5 2. Nf3 d6 3. c3 Nf6 4. Qc2 g6 5. d4 cxd4 6. cxd4 Bg7 7. Be3 0-0 8. Nc3 a6 9. 0-0-0 Qc7 10. Kb1 b5 11. a3 Bb7 12. Rc1 Nbd7 13. Nd2 Qd8 14. f4 Nb6 15. Rg1 Na4 16. h4 Nxc3+ 17. bxc3 0-1

[Event "GER-ch Seniors 22nd"]
[Site "Berlin"]
[Date "2010.08.20"]
[Round "5"]
[White "Gunkel, Wolfgang"]
[Black "Vidic, Dobrivoje"]
[Result "1-0"]
[WhiteElo "1558"]
[BlackElo "1653"]
[PlyCount "101"]
[EventDate "2010.08.16"]
[EventType "swiss"]
[EventRounds "9"]
[EventCountry "GER"]
[SourceTitle "CBM 138 Extra"]
[Source "ChessBase"]
[SourceDate "2010.10.29"]
[SourceVersion "1"]
[SourceVersionDate "2010.10.29"]
[SourceQuality "1"]

1. d4 c6 2. c4 d5 3. Nc3 Nf6 4. Nf3 e6 5. Bg5 Be7 6. e3 Nbd7 7. cxd5 cxd5 8. Bd3 a6 9. 0-0 h6 10. Bh4 b5 11. a3 Bb7 12. h3 Rc8 13. Nd2 Nb6 14. Rc1 Nc4 15. Rc2 Qd7 16. Ndb1 0-0 17. Qc1 Rc6 18. Ne2 Rfc8 19. Bxf6 Bxf6 20. e4 R6c7 21. e5 Bg5 22. f4 Be7 23. Rf3 Na5 24. b4 Rxc2 25. Bxc2 Nc4 26. Qd1 Qc7 27. Nec3 Qb6 28. Kh2 a5 29. f5 axb4 30. axb4 Bxb4 31. fxe6 Nb2 32. exf7+ Kf8 33. Qd2 Rc7 34. Qf2 Bxc3 35. Nxc3 b4 36. Na4 Nxa4 37. Bxa4 Qe6 38. Be8 Ba6 39. Rb3 Rb7 40. Qh4 Rb8 41. Qg4 Qxg4 42. hxg4 Bc4 43. Rb2 b3 44. e6 Rb6 45. Bd7 Bd3 46. Rf2 Rb8 47. Rb2 Bc2 48. Bc6 Rd8 49. Kg3 Ke7 50. Kf4 Be4 51. Ke5 1-0

[Event "Berlin qualification op"]
[Site "Berlin"]
[Date "2010.04.06"]
[Round "4"]
[White "Vidic, Dobrivoje"]
[Black "Reiche, Henry"]
[Result "0-1"]
[WhiteElo "1833"]
[BlackElo "1986"]
[PlyCount "60"]
[EventDate "2010.04.03"]
[EventType "swiss"]
[EventRounds "9"]
[EventCountry "GER"]
[SourceTitle "EXT 2012"]
[Source "ChessBase"]
[SourceDate "2011.11.24"]
[SourceVersion "1"]
[SourceVersionDate "2011.11.24"]
[SourceQuality "1"]

1. e4 c5 2. Nf3 d6 3. d4 cxd4 4. Nxd4 Nc6 5. Bb5 Bd7 6. Nc3 g6 7. Be3 Bg7 8. Qd2 Nf6 9. f3 0-0 10. g4 a6 11. Nxc6 bxc6 12. Bc4 d5 13. exd5 cxd5 14. Nxd5 Nxd5 15. Bxd5 Bxb2 16. Rd1 Rc8 17. Kf2 Qc7 18. Bb3 Rfd8 19. Qe2 Be5 20. Kg2 Bc6 21. h4 e6 22. h5 Rxd1 23. Qxd1 Rd8 24. Qe1 g5 25. Bxg5 Rd4 26. Rh4 Bf4 27. Bf6 Rd2+ 28. Kf1 Bxf3 29. c4 Bg2+ 30. Kg1 Qc5+ 0-1

[Event "Berlin-ch Seniors op 26th"]
[Site "Berlin"]
[Date "2010.02.14"]
[Round "6"]
[White "Vidic, Dobrivoje"]
[Black "Hirr, Rudi"]
[Result "1-0"]
[WhiteElo "1655"]
[BlackElo "1530"]
[PlyCount "130"]
[EventDate "2010.02.09"]
[EventType "swiss"]
[EventRounds "9"]
[EventCountry "GER"]
[SourceTitle "EXT 2012"]
[Source "ChessBase"]
[SourceDate "2011.11.24"]
[SourceVersion "1"]
[SourceVersionDate "2011.11.24"]
[SourceQuality "1"]

1. d4 Nf6 2. c4 e6 3. Nc3 Bb4 4. a3 Bxc3+ 5. bxc3 d6 6. Bg5 Nbd7 7. Qc2 b6 8. e4 e5 9. Nf3 Bb7 10. Bd3 0-0 11. 0-0 Re8 12. Nd2 c5 13. d5 Bc8 14. f4 h6 15. Bh4 exf4 16. Nf3 Ne5 17. Rae1 Neg4 18. Qe2 Ne3 19. Rf2 Bg4 20. h3 Bxf3 21. Rxf3 g5 22. Bf2 Nf5 23. Qf1 Ng7 24. g3 Nfh5 25. h4 Qd7 26. hxg5 hxg5 27. Qg2 g4 28. Rxf4 Nxf4 29. gxf4 Nh5 30. Qh2 Ng7 31. e5 f5 32. e6 Qe7 33. Bh4 Qf8 34. Bg5 Re7 35. Kg2 Nxe6 36. Bxe7 Qxe7 37. Rxe6 Qf7 38. Qh6 Qh7 39. Qxh7+ Kxh7 40. Bxf5+ Kg7 41. Rxd6 Rf8 42. Bxg4 Rxf4 43. Kg3 Rxc4 44. Rd7+ Kf6 45. Rxa7 Rxc3+ 46. Kf4 Rc4+ 47. Kg3 Rc3+ 48. Bf3 Rd3 49. Kf4 c4 50. Ra6 c3 51. Rxb6+ Ke7 52. Be4 Rh3 53. Rc6 c2 54. Rxc2 Rxa3 55. Ke5 Re3 56. Rc7+ Kd8 57. Rg7 Re1 58. d6 Re2 59. Kd5 Rd2+ 60. Ke6 Kc8 61. Bc6 Re2+ 62. Kf5 Rf2+ 63. Ke4 Kb8 64. Rb7+ Kc8 65. d7+ Kd8 1-0

[Event "Berlin-ch Seniors op 24th"]
[Site "Berlin"]
[Date "2008.02.28"]
[Round "8"]
[White "Zschaebitz, Klaus"]
[Black "Vidic, Dobrivoje"]
[Result "1-0"]
[WhiteElo "2053"]
[BlackElo "1802"]
[PlyCount "83"]
[EventDate "2008.02.21"]
[EventType "swiss"]
[EventRounds "9"]
[EventCountry "GER"]
[SourceTitle "EXT 2022"]
[Source "ChessBase"]
[SourceDate "2021.10.06"]
[SourceVersion "1"]
[SourceVersionDate "2021.10.06"]
[SourceQuality "1"]

1. d4 d5 2. Bg5 Nf6 3. e3 Bf5 4. Bxf6 gxf6 5. c4 c6 6. Nc3 e6 7. g4 Bg6 8. Qb3 Qc7 9. cxd5 exd5 10. Rc1 Qd7 11. h4 h5 12. gxh5 Rxh5 13. Be2 Rh8 14. h5 Bf5 15. Nf3 Bg4 16. Nd2 Bxe2 17. Nxe2 Na6 18. a3 0-0-0 19. Ng3 Kb8 20. Qc2 Re8 21. b4 Nc7 22. Nb3 Qg4 23. Qf5 Qg7 24. Kd2 Bd6 25. Rcg1 Qh6 26. Nc5 Bxc5 27. bxc5 Re6 28. Qg4 Qg5 29. Qf3 Qg8 30. Nf5 Qd8 31. Qf4 Ka8 32. Rg7 Nb5 33. h6 Qa5+ 34. Ke2 Nc3+ 35. Kf3 Qb5 36. h7 Qe2+ 37. Kg2 a5 38. Rg8+ Re8 39. Rxe8+ Rxe8 40. h8Q Rxh8 41. Rxh8+ Ka7 42. Qc7 1-0

[Event "Berlin-ch Seniors op 24th"]
[Site "Berlin"]
[Date "2008.02.27"]
[Round "7"]
[White "Vidic, Dobrivoje"]
[Black "Mayer, Herbert"]
[Result "1-0"]
[WhiteElo "1802"]
[BlackElo "1839"]
[PlyCount "66"]
[EventDate "2008.02.21"]
[EventType "swiss"]
[EventRounds "9"]
[EventCountry "GER"]
[SourceTitle "EXT 2022"]
[Source "ChessBase"]
[SourceDate "2021.10.06"]
[SourceVersion "1"]
[SourceVersionDate "2021.10.06"]
[SourceQuality "1"]

1. e4 c5 2. Nf3 a6 3. d4 cxd4 4. Nxd4 Nf6 5. Nc3 e5 6. Nf5 d5 7. Ng3 Bb4 8. exd5 Nxd5 9. Bd2 Nxc3 10. bxc3 Ba5 11. Qh5 0-0 12. Bd3 g6 13. Qh6 Qc7 14. Ne4 f5 15. Ng5 Qg7 16. Qh4 Nc6 17. 0-0 Qe7 18. Bc4+ Kh8 19. Qh6 Qg7 20. Qh4 Bd8 21. f4 h6 22. Qh3 e4 23. Be3 Bf6 24. Bc5 Be7 25. Bxe7 Nxe7 26. Rad1 b5 27. Bb3 a5 28. a3 a4 29. Ba2 Ng8 30. Rd6 Rf6 31. Rd8 Rf8 32. Rfd1 Ba6 33. R8d7 Ne7 1-0

[Event "Berlin-ch Seniors op 24th"]
[Site "Berlin"]
[Date "2008.02.26"]
[Round "6"]
[White "Baranowsky, Peter"]
[Black "Vidic, Dobrivoje"]
[Result "0-1"]
[WhiteElo "1752"]
[BlackElo "1802"]
[PlyCount "110"]
[EventDate "2008.02.21"]
[EventType "swiss"]
[EventRounds "9"]
[EventCountry "GER"]
[SourceTitle "EXT 2022"]
[Source "ChessBase"]
[SourceDate "2021.10.06"]
[SourceVersion "1"]
[SourceVersionDate "2021.10.06"]
[SourceQuality "1"]

1. d4 c6 2. Nf3 d5 3. e3 Bg4 4. a3 Nd7 5. Be2 Ngf6 6. h3 Bh5 7. g4 Bg6 8. Ne5 Nxe5 9. dxe5 Ne4 10. Bd3 e6 11. h4 h6 12. f3 Nc5 13. h5 Bxd3 14. cxd3 Be7 15. d4 Nd7 16. Bd2 c5 17. Nc3 a6 18. Rb1 c4 19. 0-0 b5 20. f4 f6 21. Qc2 Nf8 22. e4 Qb6 23. exd5 Qxd4+ 24. Kg2 exd5 25. Rbe1 0-0-0 26. Be3 Qd3 27. Qxd3 cxd3 28. Bb6 Rd7 29. Rd1 Kb7 30. Ba5 fxe5 31. fxe5 d4 32. Ne4 Ne6 33. Rxd3 Rf8 34. Rxf8 Bxf8 35. Bd2 Kc6 36. g5 hxg5 37. Bxg5 Kd5 38. h6 Nxg5 39. e6 Re7 40. Nxg5 gxh6 41. Nf3 Bg7 42. Nh4 Rxe6 43. Nf5 Ke4 44. Nxg7 Rg6+ 45. Rg3 Rf6 46. Nh5 Rf5 47. Ng7 Rf7 48. Ne6 Kd5 49. Rg6 d3 50. Rxh6 d2 51. Nf4+ Rxf4 52. Rh1 Kd4 53. Kg3 Rf6 54. Rh8 Rd6 55. Rh1 Ke3 0-1

[Event "Berlin-ch Seniors op 24th"]
[Site "Berlin"]
[Date "2008.02.22"]
[Round "2"]
[White "Hahn, Wolfgang"]
[Black "Vidic, Dobrivoje"]
[Result "0-1"]
[WhiteElo "1535"]
[BlackElo "1802"]
[PlyCount "45"]
[EventDate "2008.02.21"]
[EventType "swiss"]
[EventRounds "9"]
[EventCountry "GER"]
[SourceTitle "EXT 2022"]
[Source "ChessBase"]
[SourceDate "2021.10.06"]
[SourceVersion "1"]
[SourceVersionDate "2021.10.06"]
[SourceQuality "1"]

1. c4 c6 2. Nf3 Nf6 3. d4 d5 4. e3 Bg4 5. h3 Bh5 6. cxd5 cxd5 7. Bb5+ Nc6 8. g4 Bg6 9. Ne5 Bxb1 10. Nxc6 bxc6 11. Bxc6+ Nd7 12. Bxa8 Be4 13. f3 Qxa8 14. fxe4 dxe4 15. Qa4 e6 16. b3 Be7 17. Bb2 Bh4+ 18. Ke2 a5 19. Rhc1 Qa6+ 20. Qc4 Qxc4+ 21. Rxc4 Nb6 22. Rc6 Bd8 23. Rac1 0-1

[Event "Berlin Herbst op"]
[Site "Berlin"]
[Date "2007.10.14"]
[Round "1"]
[White "Heuer, Thomas"]
[Black "Vidic, Dobrivoje"]
[Result "1-0"]
[WhiteElo "2188"]
[BlackElo "1798"]
[PlyCount "57"]
[EventDate "2007.10.14"]
[EventType "swiss"]
[EventRounds "9"]
[EventCountry "GER"]
[SourceTitle "EXT 2008"]
[Source "ChessBase"]
[SourceDate "2007.11.25"]
[SourceVersion "1"]
[SourceVersionDate "2007.11.25"]
[SourceQuality "1"]

1. d4 d5 2. Nf3 Nf6 3. c4 c6 4. Nc3 e6 5. cxd5 Nxd5 6. e4 Nxc3 7. bxc3 Be7 8. Bd3 Nd7 9. 0-0 Qc7 10. e5 c5 11. Re1 c4 12. Be4 Nb6 13. Bg5 Nd5 14. Bxe7 Nxe7 15. Rb1 Nd5 16. Qa4+ Bd7 17. Qa3 a5 18. Ng5 h6 19. Bxd5 exd5 20. e6 fxe6 21. Nxe6 Bxe6 22. Rxe6+ Kf7 23. Qd6 Rac8 24. Qxd5 Rhd8 25. Rd6+ Kf8 26. Rxd8+ Rxd8 27. Qf3+ Kg8 28. Rxb7 Re8 29. g3 1-0

[Event "Berlin Lichtenrade op 03rd"]
[Site "Berlin"]
[Date "2007.04.09"]
[Round "3"]
[White "Vidic, Dobrivoje"]
[Black "Bruening, Wolfgang"]
[Result "1/2-1/2"]
[WhiteElo "1737"]
[BlackElo "2047"]
[PlyCount "118"]
[EventDate "2007.04.07"]
[EventType "swiss"]
[EventRounds "9"]
[EventCountry "GER"]
[SourceTitle "EXT 2008"]
[Source "ChessBase"]
[SourceDate "2007.11.25"]
[SourceVersion "1"]
[SourceVersionDate "2007.11.25"]
[SourceQuality "1"]

1. e4 c5 2. Nf3 e6 3. d4 cxd4 4. Nxd4 Nc6 5. Be2 Qc7 6. Nb5 Qb8 7. N1c3 a6 8. Nd4 Nf6 9. a3 Qc7 10. Bg5 Be7 11. Qd2 h6 12. Be3 b5 13. f4 Nxd4 14. Bxd4 Bb7 15. Bf3 b4 16. axb4 Bxb4 17. Qe3 Rc8 18. 0-0 d6 19. e5 dxe5 20. fxe5 Nd7 21. Kh1 Bc5 22. Bxb7 Qxb7 23. Ne4 Be7 24. Qf3 Kd8 25. Bc3 Rxc3 26. bxc3 Nxe5 27. Rfd1+ Kc7 28. Qf4 f6 29. c4 g5 30. Qe3 Ng4 31. Qg3+ Ne5 32. Qe1 Qc6 33. Qa5+ Kb7 34. Rdb1+ Ka7 35. Qb5 Rc8 36. Nc3 Nxc4 37. Qxc6 Rxc6 38. Nb5+ Ka8 39. Nd4 Rd6 40. c3 Bd8 41. Rb4 Na5 42. g4 Ka7 43. Kg2 Bb6 44. Rba4 Bxd4 45. Rxd4 Rxd4 46. cxd4 Nb3 47. Ra4 a5 48. Ra3 Nxd4 49. Rxa5+ Kb7 50. Rc5 Nc6 51. Rc1 Kc7 52. Rf1 Ne5 53. Rxf6 Nxg4 54. Rxe6 Kd7 55. Rg6 Ke7 56. h3 Kf7 57. Ra6 Nf6 58. Kf3 Kg6 59. Rb6 Kf5 1/2-1/2

[Event "Berlin-ch Seniors op 23rd"]
[Site "Berlin"]
[Date "2007.02.13"]
[Round "9"]
[White "Bauder, Herbert"]
[Black "Vidic, Dobrivoje"]
[Result "1-0"]
[WhiteElo "1950"]
[BlackElo "1737"]
[PlyCount "75"]
[EventDate "2007.02.05"]
[EventType "swiss"]
[EventRounds "9"]
[EventCountry "GER"]
[SourceTitle "EXT 2022"]
[Source "ChessBase"]
[SourceDate "2021.10.06"]
[SourceVersion "1"]
[SourceVersionDate "2021.10.06"]
[SourceQuality "1"]

1. d4 d5 2. c4 c6 3. Nf3 Bg4 4. Ne5 Bh5 5. Qb3 b6 6. cxd5 Qxd5 7. Qxd5 cxd5 8. Nc3 e6 9. e3 a6 10. Na4 b5 11. Nc5 f6 12. Ned3 Bf7 13. a4 bxa4 14. Rxa4 Bd6 15. Be2 Ne7 16. 0-0 0-0 17. Bd2 Be8 18. Ra2 Bb5 19. Nxe6 Rc8 20. b3 Nd7 21. b4 Nb6 22. Nec5 Nc4 23. Rfa1 Nxd2 24. Rxd2 Nc6 25. Bg4 Rd8 26. Nb7 Nxb4 27. Nxd8 Nxd3 28. Nb7 Bb4 29. Rdd1 Kf7 30. Bf5 Bc3 31. Nd6+ Ke7 32. Nxb5 Bxa1 33. Rxa1 Nb4 34. Nc3 h6 35. Na4 a5 36. Rc1 Ra7 37. h4 Kd6 38. Nb6 1-0

[Event "Berlin-ch Seniors op 23rd"]
[Site "Berlin"]
[Date "2007.02.08"]
[Round "4"]
[White "Vidic, Dobrivoje"]
[Black "Tuertmann, Dieter"]
[Result "0-1"]
[WhiteElo "1737"]
[BlackElo "1858"]
[PlyCount "108"]
[EventDate "2007.02.05"]
[EventType "swiss"]
[EventRounds "9"]
[EventCountry "GER"]
[SourceTitle "EXT 2022"]
[Source "ChessBase"]
[SourceDate "2021.10.06"]
[SourceVersion "1"]
[SourceVersionDate "2021.10.06"]
[SourceQuality "1"]

1. e4 d6 2. d4 g6 3. Be3 Bg7 4. Nc3 c6 5. Qd2 Bd7 6. Nf3 Qc7 7. Be2 a6 8. h4 h5 9. Ng5 b5 10. a3 a5 11. f4 f6 12. Nh3 Nh6 13. d5 Qb7 14. f5 gxf5 15. Bxh5+ Nf7 16. Bxf7+ Kxf7 17. Nf4 c5 18. Qd3 b4 19. axb4 axb4 20. Rxa8 Qxa8 21. Nd1 fxe4 22. Qxe4 f5 23. Qd3 Qa6 24. Qd2 Qc4 25. h5 Be5 26. Ng6 Rh7 27. Nxe5+ dxe5 28. b3 Qe4 29. Kf1 Bb5+ 30. Kg1 f4 31. Bxc5 Na6 32. Nf2 Qe2 33. Qxe2 Bxe2 34. Bb6 Bxh5 35. Nd3 Kf6 36. Kf2 Bg6 37. Rxh7 Bxh7 38. Ke2 Be4 39. Kf2 Bxd5 40. Ba5 Be4 41. Ne1 Ke6 42. Ke2 Kd6 43. Kd2 Kd5 44. c4+ bxc3+ 45. Kxc3 Nc5 46. Bd8 e6 47. b4 Nd7 48. Be7 Kc6 49. Bh4 Kb5 50. Be7 Nb6 51. Bd6 Nc4 52. Bb8 Bxg2 53. Nxg2 f3 54. Bxe5 f2 0-1

[Event "Berlin-ch Seniors op 23rd"]
[Site "Berlin"]
[Date "2007.02.07"]
[Round "3"]
[White "Bremer, Helmut"]
[Black "Vidic, Dobrivoje"]
[Result "0-1"]
[WhiteElo "1215"]
[BlackElo "1737"]
[PlyCount "50"]
[EventDate "2007.02.05"]
[EventType "swiss"]
[EventRounds "9"]
[EventCountry "GER"]
[SourceTitle "EXT 2022"]
[Source "ChessBase"]
[SourceDate "2021.10.06"]
[SourceVersion "1"]
[SourceVersionDate "2021.10.06"]
[SourceQuality "1"]

1. e4 c5 2. Bc4 e6 3. f4 a6 4. a4 Nc6 5. Nf3 Nf6 6. d3 d5 7. exd5 exd5 8. Bb3 Bg4 9. 0-0 Nd4 10. Qe1+ Be7 11. Na3 Bxf3 12. gxf3 0-0 13. c3 Nxb3 14. Rb1 Nxc1 15. Rxc1 Re8 16. Nc2 Qb6 17. Rb1 Bd6 18. Qh4 Re2 19. Rf2 Rae8 20. c4 Qb3 21. Na3 Qxd3 22. f5 Qxf5 23. Rg2 Rxg2+ 24. Kxg2 Re2+ 25. Kg1 Qg6+ 0-1

[Event "Brandenburg-ch Seniors 22nd"]
[Site "Berlin"]
[Date "2006.02.27"]
[Round "7"]
[White "Nietsch, Horst"]
[Black "Vidic, Dobrivoje"]
[Result "1-0"]
[WhiteElo "1865"]
[BlackElo "1741"]
[PlyCount "73"]
[EventDate "2006.02.20"]
[EventType "swiss"]
[EventRounds "9"]
[EventCountry "GER"]
[SourceTitle "EXT 2007"]
[Source "ChessBase"]
[SourceDate "2006.11.23"]
[SourceVersion "1"]
[SourceVersionDate "2006.11.23"]
[SourceQuality "1"]

1. e4 c6 2. d4 d5 3. e5 Bf5 4. Nf3 e6 5. Be2 Nd7 6. 0-0 f6 7. b3 Qc7 8. Bb2 0-0-0 9. c4 fxe5 10. dxe5 Nb6 11. cxd5 Nxd5 12. Qc1 Qf7 13. Nc3 Nge7 14. Rd1 h6 15. Qd2 g5 16. Qd4 Kb8 17. Bc4 Bg7 18. Nxd5 Nxd5 19. Bxd5 Rxd5 20. Qe3 Rhd8 21. Rxd5 Rxd5 22. Re1 Qd7 23. h3 Bf8 24. Rc1 Rd3 25. Qe2 g4 26. hxg4 Bxg4 27. Qe4 Bf5 28. Qh4 b6 29. Qf4 Qg7 30. Rxc6 Rd1+ 31. Kh2 Bc5 32. Rxc5 bxc5 33. Qa4 Qf7 34. Qb5+ Ka8 35. Qxc5 Rd8 36. Qc6+ Kb8 37. Qa4 1-0

[Event "Brandenburg-ch Seniors 22nd"]
[Site "Berlin"]
[Date "2006.02.23"]
[Round "4"]
[White "Schueler, Wolfgang"]
[Black "Vidic, Dobrivoje"]
[Result "1-0"]
[WhiteElo "1962"]
[BlackElo "1741"]
[PlyCount "101"]
[EventDate "2006.02.20"]
[EventType "swiss"]
[EventRounds "9"]
[EventCountry "GER"]
[SourceTitle "EXT 2007"]
[Source "ChessBase"]
[SourceDate "2006.11.23"]
[SourceVersion "1"]
[SourceVersionDate "2006.11.23"]
[SourceQuality "1"]

1. e4 c6 2. d4 d5 3. exd5 cxd5 4. c4 Nf6 5. Nc3 dxc4 6. Bxc4 e6 7. Nf3 Bb4 8. 0-0 a6 9. Bg5 Be7 10. d5 Nxd5 11. Nxd5 Bxg5 12. Nxg5 b5 13. Nxf7 Kxf7 14. Bb3 Ra7 15. Qf3+ Ke8 16. Rfe1 Qg5 17. Nb6 Rf7 18. Qe2 Bb7 19. Qxe6+ Re7 20. Qxe7+ Qxe7 21. Rxe7+ Kxe7 22. Nd5+ Kd6 23. Rd1 Kc5 24. Nf4 g6 25. f3 Bc6 26. Kf2 Nd7 27. Ne6+ Kb6 28. Nd4 Nc5 29. Nxc6 Nxb3 30. Ne5 Nc5 31. Nd7+ Nxd7 32. Rxd7 Rc8 33. Rd6+ Kb7 34. Rd2 Rc7 35. f4 Re7 36. g3 a5 37. a3 Kc6 38. g4 Kc5 39. Kf3 Kc4 40. f5 g5 41. Re2 Rd7 42. Re3 a4 43. Re4+ Kc5 44. f6 Rf7 45. Re5+ Kc4 46. Rf5 b4 47. axb4 Kxb4 48. Ke4 h6 49. Rf3 Kc4 50. Ke5 Rb7 51. f7 1-0

[Event "Brandenburg-ch Seniors 22nd"]
[Site "Berlin"]
[Date "2006.02.21"]
[Round "2"]
[White "Shapiro, Yosip"]
[Black "Vidic, Dobrivoje"]
[Result "1-0"]
[WhiteElo "2000"]
[BlackElo "1741"]
[PlyCount "79"]
[EventDate "2006.02.20"]
[EventType "swiss"]
[EventRounds "9"]
[EventCountry "GER"]
[SourceTitle "EXT 2007"]
[Source "ChessBase"]
[SourceDate "2006.11.23"]
[SourceVersion "1"]
[SourceVersionDate "2006.11.23"]
[SourceQuality "1"]

1. e4 c6 2. d4 d5 3. Nc3 Nf6 4. e5 Nfd7 5. Nf3 e6 6. Bd3 c5 7. 0-0 Nc6 8. Re1 cxd4 9. Nb5 Qb6 10. c3 dxc3 11. bxc3 a6 12. Nd6+ Bxd6 13. exd6 Qc5 14. Bf4 Qxc3 15. Rc1 Qb4 16. g3 h6 17. Rb1 Qa5 18. Rb2 b5 19. Bb1 Nf6 20. Ne5 Bd7 21. Rbe2 Rc8 22. Bd2 Qa3 23. Nxd7 Kxd7 24. Bf4 g5 25. Be5 Nxe5 26. Rxe5 Kxd6 27. R5e3 Rc3 28. Qd4 Rxe3 29. fxe3 e5 30. Qb6+ Ke7 31. Qb7+ Ke6 32. Qb6+ Qd6 33. Bf5+ Ke7 34. Qb7+ Kf8 35. Rc1 Kg7 36. Rc6 Qb4 37. Be6 Qe1+ 38. Kg2 Qe2+ 39. Kg1 Qxe3+ 40. Kg2 1-0

[Event "Brandenburg-ch Seniors 22nd"]
[Site "Berlin"]
[Date "2006.02.20"]
[Round "1"]
[White "Vidic, Dobrivoje"]
[Black "Gross, Horst"]
[Result "1-0"]
[WhiteElo "1741"]
[BlackElo "1380"]
[PlyCount "75"]
[EventDate "2006.02.20"]
[EventType "swiss"]
[EventRounds "9"]
[EventCountry "GER"]
[SourceTitle "EXT 2007"]
[Source "ChessBase"]
[SourceDate "2006.11.23"]
[SourceVersion "1"]
[SourceVersionDate "2006.11.23"]
[SourceQuality "1"]

1. e4 e6 2. d4 d5 3. Nc3 Nf6 4. f3 c5 5. Be3 dxe4 6. fxe4 cxd4 7. Qxd4 Qxd4 8. Bxd4 Nc6 9. 0-0-0 Nxd4 10. Rxd4 a6 11. e5 Nd7 12. Nf3 b6 13. Ne4 b5 14. Be2 Bb7 15. Rhd1 Bd5 16. Kb1 Be7 17. c4 bxc4 18. Bxc4 Nb6 19. Bxd5 Nxd5 20. a3 0-0 21. g3 Rfc8 22. h3 Rab8 23. R4d3 Rc6 24. Nd4 Rc4 25. Ka1 Rbc8 26. Ka2 h6 27. Rf1 Rc1 28. Rxc1 Rxc1 29. Nc3 Nxc3+ 30. Rxc3 Rxc3 31. bxc3 Kf8 32. Kb3 Ke8 33. Nc6 Bd8 34. Nxd8 Kxd8 35. Kb4 Kc7 36. Kc5 h5 37. h4 Kb7 38. Kd6 1-0

[Event "Berlin-ch Seniors op 21st"]
[Site "Berlin"]
[Date "2005.01.30"]
[Round "3"]
[White "Strehlow, Horst"]
[Black "Vidic, Dobrivoje"]
[Result "1-0"]
[WhiteElo "1991"]
[BlackElo "1799"]
[PlyCount "63"]
[EventDate "2005.01.28"]
[EventType "swiss"]
[EventRounds "9"]
[EventCountry "GER"]
[SourceTitle "EXT 2007"]
[Source "ChessBase"]
[SourceDate "2006.11.23"]
[SourceVersion "1"]
[SourceVersionDate "2006.11.23"]
[SourceQuality "1"]

1. e4 c5 2. Nf3 d6 3. d4 cxd4 4. Nxd4 Nf6 5. Nc3 a6 6. f3 e6 7. Be3 Nc6 8. Qd2 Bd7 9. g4 h6 10. 0-0-0 Be7 11. h4 Rc8 12. Nb3 Ne5 13. Qf2 Rc6 14. Be2 Nh7 15. f4 Nc4 16. Bxc4 Rxc4 17. g5 h5 18. Qe2 b5 19. f5 exf5 20. exf5 Bxf5 21. Nd4 Bg4 22. Qg2 Bxd1 23. Rxd1 g6 24. Nd5 0-0 25. b3 Rc8 26. Kb1 Re8 27. Rf1 Rf8 28. Bc1 Rb8 29. Nc6 Qd7 30. Ndxe7+ Kg7 31. Bb2+ f6 32. gxf6+ 1-0